[Event "BL 1112 SF Katernberg - Turm Emsdetten"]
[Site "?"]
[Date "2012.02.05"]
[Round "9.8"]
[White "Thesing, Matthias"]
[Black "Fiebig, Thomas"]
[Result "1-0"]
[WhiteElo "2404"]
[BlackElo "2417"]
[PlyCount "89"]
[EventDate "2012.??.??"]

1. d4 d5 2. Nf3 c5 3. c4 e6 4. e3 Nf6 5. Nc3 a6 6. cxd5 exd5 7. Be2 Nc6 8. O-O
Bg4 9. Ne5 Bxe2 10. Qxe2 Qc7 11. Nxc6 bxc6 12. b3 Bd6 13. h3 O-O 14. dxc5 Bxc5
15. Bb2 Ba7 16. Rac1 Rfe8 17. Qf3 Rad8 18. Rfd1 Bb8 19. g3 h5 20. Ne2 Ne4 21.
Qxh5 Re6 22. Nf4 Rh6 23. Qg4 f5 24. Qxf5 Qe7 25. Rc2 Ng5 26. Ng6 Nxh3+ 27. Kg2
Qe8 28. Rxc6 Nxf2 29. Re6 Qf7 30. Re7 Qxg6 31. Rxg7+ Qxg7 32. Bxg7 Kxg7 33.
Qg5+ Rg6 34. Qe7+ Kh6 35. Qxd8 Nxd1 36. Qxb8 Nxe3+ 37. Kf3 Ng4 38. Qf4+ Kh5 39.
Qf5+ Rg5 40. Qf7+ Kh6 41. Kf4 d4 42. Qf8+ Kh5 43. Qe8+ Rg6 44. Qxg6+ Kxg6 45.
Kxg4 1-0

[Event "BL 1112 OSG Baden Baden - Hamburger SK"]
[Site "Berlin"]
[Date "2012.02.05"]
[Round "9.5"]
[White "Rasmussen, Allan Stig"]
[Black "Nisipeanu, Liviu-Dieter"]
[Result "1/2-1/2"]
[WhiteElo "2541"]
[BlackElo "2638"]
[PlyCount "63"]
[EventDate "2012.??.??"]

1. d4 Nf6 2. c4 e6 3. g3 Bb4+ 4. Bd2 c5 5. Bxb4 cxb4 6. Bg2 O-O 7. Nf3 d6 8.
O-O Re8 9. Qd3 a5 10. e4 Nfd7 11. a3 Nc6 12. Nbd2 bxa3 13. Qxa3 Nb4 14. Rfc1 e5
15. c5 dxc5 16. dxc5 Qe7 17. Qe3 Nb8 18. Nc4 N8c6 19. Nb6 Rb8 20. Nd2 Be6 21.
Ndc4 Nd4 22. Rxa5 Nbc6 23. Raa1 Qxc5 24. Nd5 Qf8 25. Nxe5 Bxd5 26. Nd7 Qd6 27.
Nxb8 Qxb8 28. Rd1 Nc2 29. Qc3 Bxe4 30. Bxe4 Nxa1 31. Bxc6 bxc6 32. Rxa1 1/2-1/2

[Event "BL 1112 OSG Baden Baden - Hamburger SK"]
[Site "Berlin"]
[Date "2012.02.05"]
[Round "9.6"]
[White "Gustafsson, Jan"]
[Black "Mueller, Karsten Dr"]
[Result "1-0"]
[WhiteElo "2631"]
[BlackElo "2534"]
[PlyCount "113"]
[EventDate "2012.??.??"]

1. d4 Nf6 2. c4 c5 3. Nf3 cxd4 4. Nxd4 Nc6 5. Nc3 g6 6. g3 Bg7 7. Bg2 O-O 8.
O-O Ng4 9. e3 d6 10. h3 Nge5 11. b3 Nxd4 12. exd4 Nc6 13. Be3 e5 14. dxe5 dxe5
15. Qxd8 Rxd8 16. Nd5 Bf5 17. Rad1 Rd7 18. g4 Be6 19. f4 exf4 20. Nxf4 Bh6 21.
Rde1 Bxf4 22. Bxf4 a5 23. Rd1 a4 24. Rxd7 Bxd7 25. Rd1 axb3 26. axb3 Be6 27.
Rd6 Ra1+ 28. Kh2 Kf8 29. Bg5 Ra2 30. Bf6 Ke8 31. Kg3 Bd7 32. Bd5 Ra3 33. c5 Ra5
34. g5 Nd8 35. b4 Ra3+ 36. Kf2 Rxh3 37. b5 Rh2+ 38. Ke3 Rc2 39. Bxd8 Rxc5 40.
Bf6 Rxb5 41. Bxf7+ Kxf7 42. Rxd7+ Ke6 43. Rxh7 Kf5 44. Rh1 Rb3+ 45. Kd4 Rb2 46.
Rf1+ Kg4 47. Kd5 Re2 48. Rb1 Kf5 49. Rxb7 Rd2+ 50. Kc4 Rd1 51. Rb5+ Ke4 52.
Re5+ Kf4 53. Kc5 Rd2 54. Rd5 Re2 55. Kd6 Re1 56. Kd7 Re2 57. Be7 1-0

[Event "BL 1112 OSG Baden Baden - Hamburger SK"]
[Site "Berlin"]
[Date "2012.02.05"]
[Round "9.7"]
[White "Heinemann, Thies"]
[Black "Dautov, Rustem"]
[Result "1/2-1/2"]
[WhiteElo "2469"]
[BlackElo "2603"]
[PlyCount "50"]
[EventDate "2012.??.??"]

1. e4 c6 2. d4 d5 3. e5 Bf5 4. Nf3 e6 5. Be2 Nd7 6. O-O Bg6 7. c3 Nh6 8. Re1
Nf5 9. Nbd2 Be7 10. Nf1 O-O 11. Ne3 Qb6 12. Bd3 Nxe3 13. Rxe3 c5 14. Bxg6 hxg6
15. Re2 cxd4 16. cxd4 Rfc8 17. Be3 Rc6 18. Rc1 Rac8 19. Rec2 Nb8 20. g3 Rxc2
21. Rxc2 Rxc2 22. Qxc2 Nc6 23. h4 Qb4 24. b3 Bd8 25. Kg2 Qe7 1/2-1/2

[Event "BL 1112 OSG Baden Baden - Hamburger SK"]
[Site "Berlin"]
[Date "2012.02.05"]
[Round "9.8"]
[White "Schlosser, Philipp"]
[Black "Sebastian, Dirk"]
[Result "1/2-1/2"]
[WhiteElo "2591"]
[BlackElo "2446"]
[PlyCount "98"]
[EventDate "2012.??.??"]

1. c4 g6 2. d4 Bg7 3. e4 d6 4. Nf3 e5 5. Nc3 exd4 6. Nxd4 Ne7 7. h4 Nbc6 8. Be3
h5 9. Qd2 O-O 10. O-O-O Nxd4 11. Bxd4 Bxd4 12. Qxd4 Nc6 13. Qe3 Ne5 14. c5 Be6
15. Be2 Re8 16. Qg3 Qf6 17. cxd6 cxd6 18. Rxd6 Rac8 19. f4 Ng4 20. Rhd1 Qe7 21.
Kb1 Red8 22. e5 Rxd6 23. Rxd6 Rd8 24. Bxg4 hxg4 25. Nb5 Bf5+ 26. Ka1 Rc8 27.
Nc3 b5 28. Qe1 b4 29. Ne2 Qc7 30. Rd1 Qb7 31. g3 a5 32. Nd4 Rd8 33. h5 Rd5 34.
hxg6 Qd7 35. gxf7+ Kxf7 36. Qe3 a4 37. b3 a3 38. Qd2 Qc8 39. Qxb4 Qc2 40. Qd2
Qe4 41. b4 Bd7 42. Qc3 Ba4 43. Qc7+ Bd7 44. Qc3 Ba4 45. Qxa3 Bxd1 46. Qa7+ Kg6
47. f5+ Kh6 48. Qb6+ Kh7 49. Qg6+ Kh8 1/2-1/2

[Event "BL 1112 SG Turm Trier - Schachfr. Berli"]
[Site "Berlin"]
[Date "2012.02.05"]
[Round "9.1"]
[White "Melkumyan, Hrant"]
[Black "Lupulescu, Constantin"]
[Result "1-0"]
[WhiteElo "2619"]
[BlackElo "2655"]
[PlyCount "95"]
[EventDate "2012.??.??"]

1. d4 Nf6 2. c4 e6 3. Nc3 Bb4 4. e3 O-O 5. Bd3 d5 6. Nf3 c5 7. O-O Nc6 8. a3
Bxc3 9. bxc3 Qc7 10. h3 Rd8 11. cxd5 exd5 12. a4 Ne7 13. dxc5 Qxc5 14. Ba3 Qc7
15. Qc2 b6 16. Rfc1 Bb7 17. c4 Rac8 18. c5 Ne4 19. Bxe4 dxe4 20. Nd4 Qd7 21.
Qb2 bxc5 22. Bxc5 Nc6 23. Nb5 Ba8 24. Qe2 Ne5 25. Bxa7 Nd3 26. Rxc8 Rxc8 27.
Bd4 h6 28. Qg4 f5 29. Qg3 Kh7 30. Nd6 Rc6 31. Ne8 Rg6 32. Qb8 Bc6 33. Nxg7 Rxg7
34. Bxg7 Qxg7 35. Rb1 Bxa4 36. Rb7 Bd7 37. Ra7 Qe7 38. Qc7 Ne5 39. Ra5 Ng6 40.
Rd5 Nf8 41. Rxf5 Kg8 42. Qc4+ Kg7 43. Qd4+ Kg8 44. Re5 Qg7 45. Rxe4 Qg6 46. Kh2
h5 47. Re5 Bc6 48. f3 1-0

[Event "BL 1112 SG Turm Trier - Schachfr. Berli"]
[Site "Berlin"]
[Date "2012.02.05"]
[Round "9.3"]
[White "Michalik, Peter"]
[Black "Erdoes, Viktor"]
[Result "1/2-1/2"]
[WhiteElo "2511"]
[BlackElo "2608"]
[PlyCount "111"]
[EventDate "2012.??.??"]

1. Nf3 d5 2. d4 Bf5 3. c4 e6 4. Nc3 c6 5. e3 Nd7 6. Bd2 h6 7. Be2 Ngf6 8. O-O
Be7 9. a3 O-O 10. b4 Ne4 11. Nxe4 Bxe4 12. Bc3 Bf6 13. Nd2 Bh7 14. Qb3 Re8 15.
Rfd1 Qc7 16. Rac1 Rac8 17. Bf3 b5 18. cxb5 cxb5 19. Be2 a6 20. a4 Qc6 21. a5
Rc7 22. Qb2 Be7 23. Nb3 Rec8 24. Bd2 Qa8 25. Rxc7 Rxc7 26. Rc1 Qc8 27. Nc5 Bxc5
28. dxc5 Nb8 29. Bc3 f6 30. Rd1 Nc6 31. Bf3 Qe8 32. Qe2 Rd7 33. h3 Rd8 34. Qa2
Bf5 35. g4 Bg6 36. Bg2 Rd7 37. Rd2 Kf8 38. Qb3 Ke7 39. Qd1 Qd8 40. h4 Qe8 41.
g5 hxg5 42. hxg5 Bh5 43. Qa1 Qg6 44. gxf6+ gxf6 45. f4 Bf3 46. Bxf6+ Qxf6 47.
Qxf6+ Kxf6 48. Bxf3 Nxb4 49. e4 Rc7 50. exd5 Nxd5 51. Bxd5 exd5 52. Rxd5 b4 53.
Rd6+ Kf5 54. Rxa6 Rxc5 55. Rb6 Rxa5 56. Rxb4 1/2-1/2

[Event "BL 1112 SG Turm Trier - Schachfr. Berli"]
[Site "Berlin"]
[Date "2012.02.05"]
[Round "9.4"]
[White "Bobras, Piotr"]
[Black "Maksimenko, Andrei"]
[Result "1-0"]
[WhiteElo "2544"]
[BlackElo "2553"]
[PlyCount "53"]
[EventDate "2012.??.??"]

1. e4 c5 2. Nf3 d6 3. d4 cxd4 4. Nxd4 Nf6 5. Nc3 a6 6. Bg5 e6 7. f4 h6 8. Bh4
Qb6 9. Qd3 Qxb2 10. Rb1 Qa3 11. f5 Be7 12. fxe6 fxe6 13. Be2 O-O 14. O-O Kh8
15. Kh1 Nbd7 16. Nxe6 Ne5 17. Nxf8 Nxd3 18. Ng6+ Kh7 19. Bxd3 Bd8 20. Nd5 b5
21. Nge7 Bxe7 22. Nxe7 Bb7 23. Bxf6 gxf6 24. Rxf6 Qxa2 25. Rbf1 Kg7 26. Rg6+
Kh8 27. e5 1-0

[Event "BL 1112 SG Turm Trier - Schachfr. Berli"]
[Site "Berlin"]
[Date "2012.02.05"]
[Round "9.5"]
[White "Lauber, Arnd"]
[Black "Cyborowski, Lukasz"]
[Result "1/2-1/2"]
[WhiteElo "2464"]
[BlackElo "2543"]
[PlyCount "82"]
[EventDate "2012.??.??"]

1. d4 Nf6 2. c4 g6 3. Nc3 Bg7 4. e4 O-O 5. Nf3 d6 6. Be2 c5 7. O-O cxd4 8. Nxd4
Nc6 9. Nc2 Nd7 10. Bd2 Nc5 11. b4 Ne6 12. Rc1 a5 13. b5 Ncd4 14. Nxd4 Bxd4 15.
Bh6 Bg7 16. Bxg7 Kxg7 17. f4 f6 18. Nd5 Nc5 19. Qd4 e5 20. fxe5 fxe5 21. Rxf8
Qxf8 22. Qe3 Qd8 23. b6 Bd7 24. Rd1 Ba4 25. Rd2 Rb8 26. Nc7 Qe7 27. Bf3 Bc6 28.
g3 Rf8 29. Bg2 Rf6 30. h4 Qf7 31. Rc2 h6 32. Kh2 Kh7 33. Qe2 h5 34. Rd2 Na4 35.
Nd5 Bxd5 36. cxd5 Nc5 37. Rc2 Qf8 38. Qd2 Qa8 39. Qg5 Qf8 40. Qd2 Qa8 41. Qg5
Qf8 1/2-1/2

[Event "BL 1112 SG Turm Trier - Schachfr. Berli"]
[Site "Berlin"]
[Date "2012.02.05"]
[Round "9.7"]
[White "Polzin, Rainer"]
[Black "Jaracz, Pawel"]
[Result "1/2-1/2"]
[WhiteElo "2469"]
[BlackElo "2558"]
[PlyCount "111"]
[EventDate "2012.??.??"]

1. e4 e5 2. Nf3 Nc6 3. Bb5 a6 4. Ba4 Nf6 5. O-O Be7 6. Re1 b5 7. Bb3 d6 8. c3
O-O 9. d4 Bg4 10. Be3 exd4 11. cxd4 Na5 12. Bc2 Nc4 13. Bc1 c5 14. b3 Nb6 15.
Nbd2 Nfd7 16. h3 Bh5 17. g4 Bg6 18. d5 Bf6 19. Rb1 Re8 20. Nf1 h6 21. Bf4 Ne5
22. Nxe5 Bxe5 23. Bxe5 dxe5 24. Rc1 Qh4 25. Qf3 Rac8 26. a4 c4 27. axb5 axb5
28. bxc4 Nxc4 29. Bd3 Nd6 30. Rc6 Qd8 31. Rec1 Rb8 32. Ng3 Qg5 33. h4 Qd8 34.
Ra1 Rc8 35. h5 Bh7 36. Ra7 Rxc6 37. dxc6 Qb6 38. Rd7 Qxc6 39. Bxb5 Qxb5 40.
Rxd6 Qc5 41. Qd1 Kh8 42. Rd7 Qc4 43. Qd5 Qc1+ 44. Kg2 Bg8 45. Qd2 Qxd2 46. Rxd2
f6 47. Nf5 Be6 48. Ne3 Kg8 49. Kg3 Kf7 50. Rb2 Re7 51. Ng2 g6 52. Nh4 gxh5 53.
gxh5 Rd7 54. Rb6 Rd1 55. Rb7+ Rd7 56. Rb6 1/2-1/2

[Event "BL 1112 SG Turm Trier - Schachfr. Berli"]
[Site "Berlin"]
[Date "2012.02.05"]
[Round "9.8"]
[White "Sanikidze, Tornike"]
[Black "Thiede, Lars"]
[Result "1-0"]
[WhiteElo "2530"]
[BlackElo "2458"]
[PlyCount "63"]
[EventDate "2012.??.??"]

1. d4 g6 2. Nf3 Bg7 3. g3 Nf6 4. Bg2 O-O 5. O-O d6 6. c4 Nbd7 7. Nc3 e5 8. e3
Re8 9. b3 exd4 10. Nxd4 Nc5 11. Qc2 Qe7 12. Bb2 c6 13. e4 Nfxe4 14. Nxe4 Nxe4
15. Rfe1 d5 16. cxd5 cxd5 17. Rad1 Be6 18. Bxe4 dxe4 19. Qxe4 Rad8 20. Qf3 Qf6
21. Qxb7 Bg4 22. Rb1 Rxe1+ 23. Rxe1 Rxd4 24. Qb8+ Bf8 25. Qxa7 Qe6 26. Rxe6
Rd1+ 27. Re1 Rxe1+ 28. Kg2 Rd1 29. Qb8 Be6 30. Ba3 Bd5+ 31. f3 Rd2+ 32. Kf1 1-0

[Event "BL 1112 SV Wattenscheid - SC Remagen"]
[Site "?"]
[Date "2012.02.05"]
[Round "9.2"]
[White "Najer, Evgeniy"]
[Black "Parligras, Mircea"]
[Result "1/2-1/2"]
[WhiteElo "2637"]
[BlackElo "2625"]
[PlyCount "117"]
[EventDate "2012.??.??"]

1. e4 c6 2. d4 d5 3. Nc3 dxe4 4. Nxe4 Bf5 5. Ng3 Bg6 6. h4 h6 7. Nf3 Nd7 8. h5
Bh7 9. Bd3 Bxd3 10. Qxd3 e6 11. Bd2 Ngf6 12. O-O-O Be7 13. Kb1 O-O 14. Ne4 Nxe4
15. Qxe4 Nf6 16. Qe2 Qd5 17. Ne5 Qe4 18. Qxe4 Nxe4 19. Be1 Rfd8 20. f3 Nf6 21.
g4 Rac8 22. c4 Nd7 23. Ba5 b6 24. Bc3 Bg5 25. Kc2 Kf8 26. Rhe1 Nxe5 27. dxe5
Ke7 28. Bb4+ c5 29. Bc3 f6 30. exf6+ Bxf6 31. Bd2 Kf7 32. Be3 Rxd1 33. Rxd1 Ke7
34. b3 Rf8 35. f4 Rg8 36. g5 Bd4 37. Bxd4 cxd4 38. Rxd4 Rf8 39. c5 bxc5 40. Ra4
Kd6 41. g6 a5 42. Rxa5 Rxf4 43. Ra7 Rh4 44. Rxg7 Rxh5 45. a4 Kc6 46. a5 Rh2+
47. Kc3 Ra2 48. Rg8 Rg2 49. Kd3 Rg4 50. g7 Kb7 51. Re8 Rxg7 52. Rxe6 Rg4 53.
Rxh6 Rb4 54. Kc3 Rb5 55. a6+ Ka7 56. Rc6 Rb8 57. Re6 Rb4 58. Rf6 Rh4 59. Rc6
1/2-1/2

[Event "BL 1112 SV Wattenscheid - SC Remagen"]
[Site "?"]
[Date "2012.02.05"]
[Round "9.5"]
[White "Dgebuadze, Alexandre"]
[Black "Appel, Ralf"]
[Result "1/2-1/2"]
[WhiteElo "2544"]
[BlackElo "2529"]
[PlyCount "82"]
[EventDate "2012.??.??"]

1. e4 c6 2. d4 d5 3. Nd2 g6 4. h3 Bg7 5. Ngf3 Nd7 6. Bd3 dxe4 7. Nxe4 Ngf6 8.
Nxf6+ Nxf6 9. O-O O-O 10. Re1 b6 11. Qe2 e6 12. Bg5 Bb7 13. Rad1 Qc7 14. Qe5
Nd5 15. Qxc7 Nxc7 16. c4 Rac8 17. Be4 Rfe8 18. Bf4 Red8 19. Bg5 Re8 20. h4 h6
21. Bf4 Red8 22. Ne5 Ne8 23. b3 Nd6 24. Bc2 Nf5 25. Bxf5 gxf5 26. c5 Ba6 27. h5
Rd5 28. g3 Bf8 29. cxb6 axb6 30. Nc4 Bxc4 31. bxc4 Ra5 32. Rb1 b5 33. cxb5 cxb5
34. Re5 Rxa2 35. Rexb5 Bg7 36. Rb8 Rxb8 37. Rxb8+ Kh7 38. Be5 Bxe5 39. dxe5 Ra5
40. f4 Ra3 41. Kg2 Ra2+ 1/2-1/2

[Event "BL 1112 SV Wattenscheid - SC Remagen"]
[Site "?"]
[Date "2012.02.05"]
[Round "9.6"]
[White "Handke, Florian"]
[Black "Bok, Benjamin"]
[Result "1-0"]
[WhiteElo "2518"]
[BlackElo "2488"]
[PlyCount "69"]
[EventDate "2012.??.??"]

1. b3 e5 2. Bb2 Nc6 3. c4 Nf6 4. a3 d6 5. e3 g6 6. Be2 Bg7 7. d3 O-O 8. Nd2 h6
9. b4 a6 10. Qc2 Bd7 11. Bf3 Rb8 12. Ne2 Nh7 13. O-O Ng5 14. Bxc6 Bxc6 15. f4
Ne6 16. f5 Qg5 17. e4 gxf5 18. Rxf5 Qe3+ 19. Kf1 b5 20. Re1 Qa7 21. Bc3 Bd7 22.
Ng3 c5 23. Nh5 f6 24. Rf2 Rbc8 25. Qd1 Nd4 26. Re3 Bh8 27. Rg3+ Kh7 28. Bxd4
cxd4 29. Nxf6+ Rxf6 30. Rxf6 Bxf6 31. Qh5 Rg8 32. Qf7+ Bg7 33. Nf3 Qc7 34. Ng5+
hxg5 35. Rxg5 1-0

[Event "BL 1112 SV Wattenscheid - SC Remagen"]
[Site "?"]
[Date "2012.02.05"]
[Round "9.7"]
[White "Michiels, Bart"]
[Black "Hirneise, Tobias"]
[Result "1/2-1/2"]
[WhiteElo "2501"]
[BlackElo "2446"]
[PlyCount "124"]
[EventDate "2012.??.??"]

1. e4 c5 2. Nf3 Nc6 3. d4 cxd4 4. Nxd4 Nf6 5. Nc3 d6 6. Bc4 e6 7. O-O Be7 8.
Be3 O-O 9. Bb3 Nxd4 10. Bxd4 Bd7 11. f4 Bc6 12. Qe2 b5 13. Nxb5 Bxb5 14. Qxb5
Nxe4 15. Rad1 d5 16. Qd3 Nd6 17. c4 dxc4 18. Bxc4 Nxc4 19. Qxc4 Qa5 20. Bc3
Qc5+ 21. Qxc5 Bxc5+ 22. Kh1 Rfd8 23. g3 Rd5 24. Rxd5 exd5 25. Rd1 d4 26. Ba5
Kf8 27. b4 Bb6 28. Bxb6 axb6 29. Rxd4 Rxa2 30. Rd6 b5 31. Rd5 Rb2 32. Rxb5 Ke7
33. Rb7+ Ke6 34. f5+ Kf6 35. b5 h5 36. Kg1 g6 37. fxg6 fxg6 38. b6 Kg5 39. h3
Rb1+ 40. Kf2 Rb2+ 41. Kf3 Rb3+ 42. Kf2 Rb2+ 43. Ke3 Rb3+ 44. Kd4 Rxg3 45. Rd7
Rb3 46. b7 Rb1 47. Kc5 Rc1+ 48. Kd6 Rb1 49. Kc7 Kh4 50. Rd6 Rxb7+ 51. Kxb7 g5
52. Kc6 Kxh3 53. Kd5 Kg3 54. Ke4 h4 55. Kf5 h3 56. Rd3+ Kh4 57. Rd8 Kg3 58.
Rd3+ Kh4 59. Rd4+ Kg3 60. Kxg5 h2 61. Rd1 Kg2 62. Rd2+ Kg3 1/2-1/2

[Event "BL 1112 SV Wattenscheid - SC Remagen"]
[Site "?"]
[Date "2012.02.05"]
[Round "9.8"]
[White "Dinstuhl, Volkmar Dr"]
[Black "Teske, Henrik"]
[Result "1/2-1/2"]
[WhiteElo "2408"]
[BlackElo "2547"]
[PlyCount "40"]
[EventDate "2012.??.??"]

1. d4 e6 2. c4 b6 3. Nf3 Bb7 4. g3 Bb4+ 5. Bd2 Bxf3 6. exf3 Bxd2+ 7. Nxd2 Ne7
8. Bg2 d5 9. f4 O-O 10. O-O Nbc6 11. cxd5 Nxd5 12. Nf3 Qd6 13. Qc2 Nce7 14.
Rfd1 Rac8 15. Rac1 h6 16. Nd2 Qd7 17. Nc4 c5 18. Ne5 Qb7 19. Qd3 cxd4 20. Qxd4
Rxc1 1/2-1/2

[Event "BL 1112 Hansa Dortmund - SG Solingen"]
[Site "?"]
[Date "2012.02.05"]
[Round "9.1"]
[White "Ragger, Markus"]
[Black "Steingrimsson, Hedinn"]
[Result "1-0"]
[WhiteElo "2655"]
[BlackElo "2562"]
[PlyCount "57"]
[EventDate "2012.??.??"]

1. Nf3 d5 2. d4 Nf6 3. c4 e6 4. Nc3 Be7 5. g3 O-O 6. Bg2 dxc4 7. O-O Nc6 8. e4
a6 9. Qe2 Nxd4 10. Nxd4 Qxd4 11. Rd1 Qa7 12. e5 Nd7 13. Bf4 b5 14. a4 b4 15.
Ne4 Rb8 16. Qh5 a5 17. h4 c5 18. Rxd7 Qxd7 19. Rd1 Qxa4 20. Nf6+ gxf6 21. exf6
Bxf6 22. Be4 Rd8 23. Rxd8+ Bxd8 24. Qxh7+ Kf8 25. Qh8+ Ke7 26. Bg5+ Kd6 27.
Qxd8+ Ke5 28. f3 Qd7 29. Qf6+ 1-0

[Event "BL 1112 Hansa Dortmund - SG Solingen"]
[Site "?"]
[Date "2012.02.05"]
[Round "9.2"]
[White "Henrichs, Thomas"]
[Black "Sandipan, Chanda"]
[Result "0-1"]
[WhiteElo "2473"]
[BlackElo "2640"]
[PlyCount "68"]
[EventDate "2012.??.??"]

1. Nf3 Nf6 2. c4 c6 3. Nc3 d5 4. d4 a6 5. a4 e6 6. Bf4 a5 7. e3 Na6 8. Be2 Be7
9. h3 O-O 10. O-O Nb4 11. Qb1 b6 12. Na2 Bb7 13. Nxb4 axb4 14. Rd1 Ne4 15. Bd3
f5 16. Ne5 Bh4 17. f3 Ng3 18. cxd5 cxd5 19. Bb5 g5 20. Bxg3 Bxg3 21. Rc1 Bxe5
22. dxe5 g4 23. Qd3 gxf3 24. gxf3 Kh8 25. Qd4 f4 26. Kh2 Qh4 27. Rg1 Qf2+ 28.
Rg2 Qxf3 29. Qxb6 Rg8 30. Rag1 Rxg2+ 31. Rxg2 d4 32. Bf1 fxe3 33. Qc7 Qf4+ 34.
Rg3 Rg8 0-1

[Event "BL 1112 Hansa Dortmund - SG Solingen"]
[Site "?"]
[Date "2012.02.05"]
[Round "9.3"]
[White "Smeets, Jan"]
[Black "Kohlweyer, Bernd"]
[Result "1/2-1/2"]
[WhiteElo "2619"]
[BlackElo "2458"]
[PlyCount "119"]
[EventDate "2012.??.??"]

1. e4 c5 2. Nf3 d6 3. d4 cxd4 4. Nxd4 Nf6 5. Nc3 a6 6. Be3 e6 7. f3 b5 8. Qd2
Nbd7 9. g4 Bb7 10. g5 Nh5 11. O-O-O Rc8 12. Rg1 g6 13. Nb3 Be7 14. f4 O-O 15.
Bd3 Nc5 16. f5 Nxd3+ 17. Qxd3 Re8 18. a3 Bf8 19. Kb1 Qc7 20. Rgf1 Ba8 21. Qd2
Qe7 22. Bb6 Rc4 23. Rde1 Qb7 24. Qf2 Rxc3 25. bxc3 e5 26. Ba5 Nf4 27. Bb4 Qc8
28. Qd2 Rd8 29. Rxf4 exf4 30. Qxf4 Re8 31. f6 Re5 32. h4 Qe6 33. Nd2 h5 34. Nf3
Rxe4 35. Rxe4 Bxe4 36. Nd4 Qe5 37. Qxe5 dxe5 38. Nb3 Bd5 39. Kc1 Bxb4 40. axb4
Kf8 41. Nc5 Ke8 42. Kd2 Kd8 43. Nxa6 Kd7 44. Nc5+ Kd6 45. Kd3 Bc4+ 46. Ke3 Bd5
47. Nb3 Ke6 48. Na5 Kf5 49. c4 bxc4 50. b5 Kg4 51. Nc6 Kxh4 52. Ne7 Ba8 53.
Nxg6+ Kxg5 54. Nxe5 Kxf6 55. Nxc4 Ke6 56. Kf4 Kd5 57. Nb6+ Kc5 58. Nxa8 Kxb5
59. Nc7+ Kc4 60. Kg5 1/2-1/2

[Event "BL 1112 Hansa Dortmund - SG Solingen"]
[Site "?"]
[Date "2012.02.05"]
[Round "9.4"]
[White "Mainka, Romuald"]
[Black "Stellwagen, Daniel"]
[Result "0-1"]
[WhiteElo "2488"]
[BlackElo "2625"]
[PlyCount "86"]
[EventDate "2012.??.??"]

1. e4 c6 2. d4 d5 3. e5 Bf5 4. h4 h5 5. c4 e6 6. Nc3 Nd7 7. a3 dxc4 8. Bxc4 Ne7
9. Bg5 f6 10. exf6 gxf6 11. Be3 Nb6 12. Be2 Bg6 13. Nh3 Ned5 14. Nf4 Nxf4 15.
Bxf4 Nd5 16. Bg3 Bd6 17. Bd3 Bxd3 18. Qxd3 Bxg3 19. fxg3 f5 20. O-O-O Qd6 21.
Rhe1 O-O-O 22. Re5 Nxc3 23. Qxc3 Rhg8 24. Rd3 Rg4 25. Kb1 Re4 26. Re3 Rxd4 27.
Qb3 Rd3 28. Qxe6+ Qxe6 29. Rxe6 Rxe3 30. Rxe3 Kd7 31. Kc2 Re8 32. Rd3+ Kc7 33.
Rd2 Re5 34. Rf2 Kd6 35. Kd3 Kd5 36. Rf4 c5 37. Ra4 a6 38. Rf4 b5 39. b3 Ke6 40.
a4 Re1 41. axb5 axb5 42. Rf2 Rd1+ 43. Kc2 Rd4 0-1

[Event "BL 1112 Hansa Dortmund - SG Solingen"]
[Site "?"]
[Date "2012.02.05"]
[Round "9.5"]
[White "L'Ami, Erwin"]
[Black "Schmittdiel, Eckhard"]
[Result "1/2-1/2"]
[WhiteElo "2592"]
[BlackElo "2466"]
[PlyCount "71"]
[EventDate "2012.??.??"]

1. d4 e6 2. c4 f5 3. g3 Nf6 4. Bg2 Bb4+ 5. Nd2 O-O 6. Ngf3 a5 7. O-O b6 8. Ne5
Ra7 9. Nd3 Bb7 10. Nf3 Be7 11. b3 Nc6 12. a3 Qa8 13. Bb2 Nd8 14. b4 axb4 15.
axb4 Rxa1 16. Qxa1 Nf7 17. b5 Qxa1 18. Rxa1 Ra8 19. Rxa8+ Bxa8 20. Nfe5 Bxg2
21. Kxg2 Nxe5 22. Nxe5 Kf8 23. f3 Ke8 24. Kf2 Bd6 25. Nd3 c6 26. c5 Bc7 27.
bxc6 dxc6 28. cxb6 Bxb6 29. e3 Nd7 30. Ba3 Bc7 31. Bb2 g6 32. Ke2 Bd6 33. e4
Kf7 34. Ke3 c5 35. dxc5 Nxc5 36. Nxc5 1/2-1/2

[Event "BL 1112 Hansa Dortmund - SG Solingen"]
[Site "?"]
[Date "2012.02.05"]
[Round "9.7"]
[White "Naumann, Alexander"]
[Black "Wegener, Olaf"]
[Result "1-0"]
[WhiteElo "2546"]
[BlackElo "2423"]
[PlyCount "63"]
[EventDate "2012.??.??"]

1. d4 Nf6 2. c4 e6 3. Nf3 b6 4. g3 Ba6 5. Qa4 Bb7 6. Bg2 c5 7. dxc5 bxc5 8. O-O
Be7 9. Nc3 O-O 10. Rd1 Qb6 11. Bf4 Rd8 12. Rd2 d6 13. Rad1 Ne8 14. Qb5 Qc7 15.
e4 Nc6 16. e5 a6 17. exd6 axb5 18. dxc7 Rxd2 19. Nxd2 b4 20. Nb5 g5 21. Be3 Na5
22. Bxb7 Nxb7 23. Ne4 Rc8 24. Rd7 Kf8 25. Bxg5 f6 26. Bh6+ Kf7 27. Be3 e5 28.
Bxc5 Nxc5 29. Nxc5 f5 30. Na6 Ke6 31. Rd1 Kf7 32. Na7 1-0

[Event "BL 1112 Hansa Dortmund - SG Solingen"]
[Site "?"]
[Date "2012.02.05"]
[Round "9.8"]
[White "Heinzel, Olaf"]
[Black "Andersen, Mads"]
[Result "1/2-1/2"]
[WhiteElo "2325"]
[BlackElo "2398"]
[PlyCount "72"]
[EventDate "2012.??.??"]

1. Nf3 Nf6 2. g3 g6 3. Bg2 Bg7 4. O-O d5 5. d4 c6 6. Nbd2 O-O 7. c3 Bf5 8. Qb3
Qc8 9. Re1 Nbd7 10. Ng5 e5 11. e4 dxe4 12. Ndxe4 Nxe4 13. Nxe4 Bxe4 14. Rxe4
exd4 15. cxd4 Nb6 16. Bf4 Nd5 17. Be5 f6 18. Bd6 Rf7 19. Ree1 Qd7 20. Bxd5 cxd5
21. Bf4 g5 22. Bd2 Bf8 23. Rac1 Re7 24. Rxe7 Bxe7 25. Bb4 Re8 26. Bxe7 Rxe7 27.
Rc5 Kg7 28. Qxd5 Qg4 29. Rc1 Rd7 30. Qc5 b6 31. Qc8 Qxd4 32. Rc7 Qd1+ 33. Kg2
Qd5+ 34. Kg1 Qd1+ 35. Kg2 Qd5+ 36. Kg1 Qd1+ 1/2-1/2

[Event "BL 1112 SC Eppingen - SK König Tegel"]
[Site "Meißen"]
[Date "2012.02.05"]
[Round "9.1"]
[White "Rabiega, Robert"]
[Black "Harikrishna, Pentala"]
[Result "0-1"]
[WhiteElo "2501"]
[BlackElo "2672"]
[PlyCount "204"]
[EventDate "2012.??.??"]

1. e4 d6 2. d4 Nf6 3. Nd2 g6 4. Bc4 Bg7 5. Ngf3 c6 6. Bb3 O-O 7. O-O Qc7 8. c3
e5 9. Re1 Nbd7 10. dxe5 dxe5 11. Nc4 Ne8 12. a4 Nc5 13. Bc2 Be6 14. Qe2 b6 15.
b4 Nb7 16. Ng5 Bd7 17. a5 b5 18. a6 Nd8 19. Na5 h6 20. Nf3 Ne6 21. Be3 Nf6 22.
h3 c5 23. Nb3 c4 24. Nc5 Nxc5 25. Bxc5 Rfe8 26. Red1 Re6 27. Qd2 Qc8 28. Qe3
Be8 29. Ra5 Qc7 30. Qd2 Qc6 31. Qe3 Nd7 32. Rd5 Nxc5 33. Rxc5 Qb6 34. Rd5 Qxe3
35. fxe3 Rb8 36. Kf2 Bf6 37. Ke1 Rbb6 38. Ke2 Kg7 39. g4 Rxa6 40. Rxa6 Rxa6 41.
Nxe5 Re6 42. Nf3 Bxc3 43. Nd4 Re7 44. Nxb5 Bxb4 45. Nd6 Bc6 46. Rd4 Bxd6 47.
Rxd6 Bxe4 48. Bxe4 Rxe4 49. Ra6 Re7 50. Rc6 a5 51. Rxc4 Ra7 52. Ra4 Kf6 53. h4
Ke5 54. Kd3 f5 55. gxf5 Kxf5 56. Kd4 Rd7+ 57. Kc3 Rd6 58. Kc2 Ke5 59. Kc3 Kd5
60. Kc2 Ra6 61. Kc3 Kc5 62. Kb3 Rb6+ 63. Kc3 Kb5 64. Ra1 Rd6 65. e4 a4 66. e5
Ra6 67. Re1 Kc6 68. e6 Ra8 69. Kb2 Re8 70. e7 Kd7 71. Rg1 Rg8 72. Re1 Ke8 73.
Re4 Kf7 74. Rxa4 Re8 75. Kc3 Rxe7 76. Kd3 Re5 77. Kd4 Re1 78. Kd5 Kf6 79. Rf4+
Ke7 80. Ra4 Kf6 81. Rf4+ Kg7 82. Rg4 Re3 83. Kd4 Ra3 84. Ke5 Ra5+ 85. Ke6 h5
86. Rf4 Kh6 87. Kf6 Rb5 88. Ke6 Ra5 89. Kf6 Kh7 90. Ke6 g5 91. hxg5 Kg6 92. Rf1
h4 93. Rg1 h3 94. Rh1 Ra3 95. Ke5 Kxg5 96. Ke4 Kg4 97. Rg1+ Rg3 98. Rh1 Rg2 99.
Rf1 h2 100. Rf8 Re2+ 101. Kd3 Re1 102. Rg8+ Kf5 0-1

[Event "BL 1112 SC Eppingen - SK König Tegel"]
[Site "Meißen"]
[Date "2012.02.05"]
[Round "9.2"]
[White "Bologan, Victor"]
[Black "Stern, Rene"]
[Result "1-0"]
[WhiteElo "2657"]
[BlackElo "2506"]
[PlyCount "95"]
[EventDate "2012.??.??"]

1. e4 e5 2. Nf3 Nc6 3. Bb5 Nf6 4. d3 Bc5 5. Bxc6 dxc6 6. b3 Qe7 7. Bb2 Bg4 8.
Nbd2 Nd7 9. h3 Bxf3 10. Qxf3 Nf8 11. a3 f6 12. b4 Bd6 13. Nc4 Ne6 14. c3 c5 15.
b5 a6 16. b6 c6 17. Bc1 O-O 18. h4 Rad8 19. Be3 Nf4 20. O-O-O Qe6 21. Bxf4 exf4
22. Kc2 Be5 23. Qh3 Qe7 24. h5 Rfe8 25. Qf5 Qf7 26. g3 fxg3 27. f4 Bb8 28. Rhg1
Qe6 29. Qxe6+ Rxe6 30. Rdf1 f5 31. e5 Rh6 32. Rxg3 Rxh5 33. Na5 Rd7 34. Rf2 g5
35. Nb3 g4 36. Nxc5 Re7 37. d4 Rh1 38. c4 h5 39. d5 h4 40. Rd3 cxd5 41. cxd5 g3
42. Rg2 Bxe5 43. fxe5 Rxe5 44. Nxb7 Ree1 45. d6 Rc1+ 46. Kb3 Rb1+ 47. Ka4 Rh2
48. d7 1-0